|
|
|
|
| LEADER |
00654nam a22001937a 4500 |
| 020 |
|
|
|a 9780190258870
|
| 082 |
|
|
|a 297.097 73
|b JUS/S
|
| 100 |
|
|
|a Justine Howe
|9 178349
|
| 245 |
|
|
|a Suburban islam/
|c by Justine Howe
|
| 260 |
|
|
|a New York:
|b Oxford University Press,
|c 2018.
|
| 300 |
|
|
|a 301p.
|
| 650 |
|
|
|a Muslims Illinois
|9 178350
|
| 650 |
|
|
|a Muslims Customs
|9 178351
|
| 650 |
|
|
|a Muslims Social Life
|9 178352
|
| 650 |
|
|
|a Islam
|9 178353
|
| 650 |
|
|
|a Religion
|9 178354
|
| 942 |
|
|
|c BK
|
| 999 |
|
|
|c 142877
|d 142877
|
| 952 |
|
|
|0 0
|1 0
|4 0
|6 297_097000000000000_73_JUS_S
|7 0
|9 99102
|a SSUS
|b SSUS
|c STACKS
|d 2019-09-20
|g 2695.00
|o 297.097 73 JUS/S
|p 096218
|r 2019-09-20
|w 2019-09-20
|y BK
|